Chinese Radicals 121 - 180 - Statistics

General Stats
  • This quiz has been taken 25 times
  • The average score is 34 of 60
Answer Stats
Radical Name % Correct
Old
100%
Sheep
100%
Color
88%
Ear
88%
Face
88%
Foot
88%
Gold
88%
Insect
88%
Meat
88%
Rain
88%
Bean
75%
Blood
75%
Feather
75%
Grass
75%
Long
75%
Minister
75%
Net
75%
Run
75%
Self
75%
Speech
75%
Tongue
75%
And
63%
Blue
63%
Cart
63%
Clothes
63%
Gate
63%
Pig
63%
Shell
63%
Tiger
63%
Arrive
50%
Badger
50%
Body
50%
Brush
50%
Red
50%
Short Tailed Bird
50%
Sound
50%
Boat
38%
City
38%
Distinguish
38%
Horn
38%
Leather
38%
Leek
38%
Mortar
38%
Mound
38%
Plow
38%
See
38%
Slave
38%
Valley
38%
Village
38%
West
38%
Wine
38%
Wrong
38%
Bitter
25%
Jar
25%
Morning
25%
Oppose
25%
Stopping
25%
Tanned Leather
25%
Walk
25%
Walk Enclosure
13%
No matching quizzes found
Score Distribution
Percent of People with Each Score
Percentile by Number Answered
Your Score History
You have not taken this quiz